| 000 | 00903nam a22002775a 4500 | ||
|---|---|---|---|
| 005 | 20151028150026.0 | ||
| 008 | 150624t2014 enka frb 001 0 eng d | ||
| 020 | _a9781292042701 | ||
| 020 | _a1292042702 | ||
| 040 |
_aEG-ScBUE _beng _dEG-ScBUE |
||
| 082 | 0 | 4 |
_222 _bAHU _a658.4032 |
| 100 | 1 |
_aAhuja, Ravindra K., _938599 _d1956- |
|
| 245 | 1 | 0 |
_aNetwork flows : _btheory, algorithms, and applications / _cAhuja, Magnanti, Orlin. |
| 250 | _bPearson new international ed. | ||
| 260 |
_aHarlow : _bPearson Education Limited, _cc.2014. |
||
| 300 |
_axv, 846 p. : _bill. ; _c24 cm. |
||
| 500 | _aIndex : p. 840-846. | ||
| 504 | _aBibliography : p. 821-839. | ||
| 650 | 7 |
_2BUEsh _935688 _aNetwork analysis (Planning) |
|
| 650 | 0 |
_aMathematical optimization _2BUEsh |
|
| 651 | _2BUEsh | ||
| 653 |
_bCOMSCI _cJune2015 _cOctober2015 |
||
| 700 | 1 | _aMagnanti, T. L. | |
| 700 | 1 | _aOrlin, J. B. | |
| 942 | _2ddc | ||
| 999 |
_c19863 _d19835 |
||